Statistics for We Didn't Start The Fire (2023) - Lyrics

Click here to take the quiz!

General Stats

  • This quiz has been taken 75 times
  • The average score is 30 of 78

Answer Stats

HintAnswer% Correct
U.S. golferTiger Woods
81%
Current North Korean leaderKim Jong Un
75%
U.S. President between 2008 and 2016Barack Obama
73%
U.S. President between 2016 and 2020Donald Trump
71%
Magical book series-turned-franchiseHarry Potter
71%
Lead singer of NirvanaKurt Cobain
71%
Vampiric book series-turned-franchiseTwilight
71%
North European country that experiences a great deal of volcanic activityIceland
67%
U.S. singer whose career started as a child (1958-2009)Michael Jackson
65%
Animated superhero with an environmentalist messageCaptain Planet
63%
Disturbances in the ground caused by seismic activityEarthquakes
63%
The victim of said police brutalityRodney King
63%
U.S. rapper, producer, and third ex-husband of Kim Kardashian (b. 1977)Kanye West
60%
Anti-government protests and uprisings that took place in Tunisia, Libya, Egypt, Yemen, Syria, and BahrainArab Spring
58%
Location of a 2011 nuclear accidentFukushima, Japan
58%
Social media website eventually superseded by Facebook in popularityMyspace
58%
Location of 1999 high school shootingColumbine
56%
Japanese media franchise about animals with special powers aimed at young childrenPokemon
56%
Nickname given to the process of the U.K. leaving the E.U.Brexit
54%
A.I.-generated likenesses of one person superimposed over anotherDeepfakes
54%
Character the above played for eleven yearsIron Man
54%
Former U.S. swimmer (b. 1985)Michael Phelps
54%
U.K. Prime Minister between 2019 and 2022Boris Johnson
52%
Genetically modified organisms (abbreviation)GMOs
52%
Civil disturbances in response to four police officers being acquitted of police brutality (1992)LA riots
52%
Director of films such as "E.T.: The Extra-Terrestrial", the Indiana Jones trilogy, and more recently, "West Side Story"Steven Spielberg
52%
Location of 2020 munitions explosion that killed 218Beirut, Lebanon
48%
U.S. basketball player and star of "Space Jam" (b. 1963)Michael Jordan
48%
U.S. country-turned-pop singer (b. 1989)Taylor Swift
48%
International Islamic terrorist group also known as Islamic StateI.S.I.S.
46%
Location of 2012 elementary school shootingSandy Hook
46%
The two candidates for the U.S. presidency (2000)George W. Bush and Al Gore
44%
U.S. basketball player and star of "Space Jam: A New Legacy" (b. 1984)LeBron James
44%
Child actor who made a comeback in the 2000s after years of substance abuse and legal troublesRobert Downey Jr.
44%
Victim of police brutality whose death sparked a series of international protests (1973-2020)George Floyd
42%
Nickname of domestic terrorist Ted Kaczynski (1942-2023)Unabomber
42%
Domestic terrorist attack in South Central U.S. stateOklahoma City bomb
40%
Far-right conspiracy theory movementQAnon
40%
Generic name for U.S. military campaigns against the Middle EastWar on Terror
40%
Domestic terrorist attack at a high-profile running event (2013)Boston Marathon bombing
38%
Container ship that blocked the Suez Canal (2021)Ever Given
38%
U.S. agrochemical and agricultural biotechnology corporation founded in 1901Monsanto
38%
2016 sci-fi horror Netflix TV series starring Winona Ryder and David HarborStranger Things
38%
Nickname given to six-year-old boy who was the subject of a hoax involving an inflatable objectBalloon Boy
35%
2006 album by My Chemical RomanceThe Black Parade
35%
Shorthand for the terrorist attacks that took place on 11th September 20019/11
33%
Name of said superheroBatman
33%
South African businessman and Grimes's ex-partner (b. 1971)Elon Musk
33%
Music festival held in New York that attempted to replicate the 1969 original (1999)Woodstock
31%
Assassinated Japanese former prime minister (1954-2022)Shinzo Abe
29%
Dubai skyscraper climbed by Tom Cruise in "Mission: Impossible - Ghost Protocol"Burj Khalifa
27%
Fraudulent luxury music festival co-founded by Ja RuleFyre Fest
27%
Princeton graduate who would later go on to co-found Amazon (b. 1964)Jeff Bezos
27%
Former actress, current Duchess of SussexMeghan Markle
27%
Numbers on the named jerseys of the above23, 45
23%
Name used to describe the increase in the global average temperature and its effects on the environmentClimate change
23%
U.S. state whose electric grid failed after an unusual snowstorm (2021)Texas
23%
2020 true crime documentary miniseriesTiger King
23%
Critically endangered horned animal native to AfricaWhite rhino
23%
Longest-reigning British monarch and longest-reigning female monarch (1926-2022)Elizabeth II
21%
Borderline animated sci-fi film directed by James Cameron (2009)Avatar
19%
U.S. quarterback who took the knee to protest police brutality (b. 1987)Colin Kaepernick
19%
Virginia resident whose wife cut off his penis after years of domestic abuseJohn Bobbitt
19%
5ft 2in U.S. musician who originally sang "Nothing Compares 2 U" (1958-2016)Prince
19%
African-American boy with a toy gun shot dead by police officer (2002-2014)Tamir Rice
19%
Tennis-playing sisters (b. 1980 and 1981)Venus and Serena Williams
19%
Name given to the contrast between the lack of conclusive evidence of aliens and the apparently high likelihood of their existenceFermi paradox
17%
Major sign of climate change that affects the Arctic CircleMelting ice caps
17%
One-word Nintendo action-adventure franchise that started in the 1980sMetroid
15%
U.S. actor best known for playing a well-known superhero (b. 1951)Michael Keaton
15%
Period of military conflict in the Middle East which ended in 2021War in Afghanistan
15%
Collection of marine debris also known as the Pacific trash vortexGreat Pacific Garbage Patch
13%
African-American woman found hanged in a jail cell three days after being arrested for a traffic violation (1987-2015)Sandra Bland
10%
Singer of Blink-182 and AVA and proponent of existence of extraterrestrial lifeTom DeLonge
8%
The Opportunity (or "Oppy") and Spirit are examples of this type of machineryMars rover
6%
Tesla is a creator of theseSelf-driving cars
6%
Selective serotonin reuptake inhibitors, used to treat anxiety and depressive disorders (abbreviation)SSRIs
6%
Name given to potential problems with computer calendar storage at the turn of the millenniumY2K problem
6%

Score Distribution

Percentile by Number Answered

Percent of People with Each Score

Your Score History

You have not taken this quiz